000 00797nam a2200265 a 4500
001 65049
003 BD-RjUL
005 20211209081400.0
008 170226s1935 pk 000 0 eng
035 _a(BD-RjUL)65179
040 _aDLC
_cCLS
_dBD-RjUL
_beng
041 _aeng
082 _a956.1
_223
_bADC 1935
100 1 _aAdivar, Halide Edib,
_d1885-1964.
_9192771
245 1 0 _aConflict of East and West in Turkey /
_cHalide Edib.
250 _a1st ed.
260 _aLahore :
_bS.M. Ashraf,
_c1935.
300 _axvi, 301 p. ;
_c19 cm.
651 0 _aTurkey
_xHistory.
_9192773
651 0 _aTurkey
_xCivilization.
_9192665
830 _aJamia Millia extension lectures,
_9192881
942 _2ddc
_cBK
999 _c65049
_d65049